书目信息 |
| 题名: |
俾斯麦
|
|
| 作者: | 曹壮 编著 | |
| 分册: | ||
| 出版信息: | 沈阳 辽海出版社 1998 |
|
| 页数: | 239页 | |
| 开本: | 20cm | |
| 丛书名: | ||
| 单 册: | ||
| 中图分类: | K835.167.43 , K835.167 | |
| 科图分类: | ||
| 主题词: | ||
| 电子资源: | ||
| ISBN: | 7-80638-770-6 | |
| 000 | 00774nam2 2200289 45 | |
| 001 | 0199005160 | |
| 005 | 20101117101634.24 | |
| 009 | 0199005160 | |
| 010 | @a7-80638-770-6@dCNY16.30 | |
| 100 | @a19990121d1998 demy0chiy0121 ea | |
| 101 | 0 | @achi |
| 102 | @aCN@b210000 | |
| 105 | @ac z 000yb | |
| 200 | 10 | @a俾斯麦@Abi si mai@f曹壮编著 |
| 210 | @a沈阳@c辽海出版社@d1998 | |
| 215 | @a239页@c肖像@d20cm | |
| 225 | 2 | @a@i巨人百传丛书@i政治家卷 |
| 300 | @a布老虎传记文库 | |
| 410 | 0 | @120010@a巨人百传丛书 |
| 410 | 0 | @120010@a@i巨人百传丛书@i政治家卷 |
| 600 | 1 | @a俾斯麦@bO.@x传记 |
| 690 | @aK835.167.43@v4 | |
| 690 | @aK835.167@v4 | |
| 701 | 0 | @a曹壮@Acao zhuang@4编著 |
| 801 | 0 | @aCN@bNLC@c20101117 |
| 905 | @aBZT@dK835.167@e13 | |
| 906 | @d¥12.70@n0@r1 | |
| 俾斯麦/曹壮编著.-沈阳:辽海出版社,1998 |
| 239页:肖像;20cm.-(.巨人百传丛书.政治家卷) |
| 布老虎传记文库 |
| ISBN 7-80638-770-6:CNY16.30 |
| ● |
| 相关链接 |
|
|
|
正题名:俾斯麦
索取号:K835.167/13
 
预约/预借
| 序号 | 登录号 | 条形码 | 馆藏地/架位号 | 状态 | 备注 |
| 1 | 395336 | 210240309 | 中心书库南/017架B面4层7列/ [索取号:K835.167/13] | 在馆 | |
| 2 | 395337 | 210240274 | 中心书库南/017架B面4层7列/ [索取号:K835.167/13] | 在馆 | |
| 3 | 395338 | 210240283 | 中心书库南/017架B面4层7列/ [索取号:K835.167/13] | 在馆 | |
| 4 | 395339 | 210240256 | 中心书库南/017架B面4层7列/ [索取号:K835.167/13] | 在馆 | |
| 5 | 395340 | 210240265 | 中心书库南/017架B面4层7列/ [索取号:K835.167/13] | 在馆 | |
| 6 | 395342 | 210240247 | 中心书库南/017架B面4层7列/ [索取号:K835.167/13] | 在馆 | |
| 7 | 395343 | 210240210 | 中心书库南/017架B面4层7列/ [索取号:K835.167/13] | 在馆 | |
| 8 | 395344 | 210240229 | 中心书库南/017架B面4层7列/ [索取号:K835.167/13] | 在馆 | |
| 9 | 395345 | 210240194 | 中心书库南/017架B面4层7列/ [索取号:K835.167/13] | 在馆 | |
| 10 | 464574 | 230055864 | 中心书库南/017架B面4层7列/ [索取号:K835.167/13] | 在馆 | |
| 11 | 464575 | 230055865 | 中心书库南/017架B面4层7列/ [索取号:K835.167/13] | 在馆 | |
| 12 | 464576 | 230055867 | 中心书库南/017架B面4层7列/ [索取号:K835.167/13] | 在馆 | |
| 13 | 464577 | 230055866 | 中心书库南/017架B面4层7列/ [索取号:K835.167/13] | 在馆 | |
| 14 | 464578 | 230055863 | 中心书库南/017架B面4层7列/ [索取号:K835.167/13] | 在馆 |